Población y salud en Mesoamérica /

La crisis económica de inicios de los años ochentas impactó de muy diversas maneras a la Costa Rica del siglo XX. Las acciones gubernamentales desde 1982 tuvieron éxito en reducir la proporción de personas pobres desde un 35

Gorde:
Xehetasun bibliografikoak
Egile nagusia: Chinchilla Arley, Ricardo
Erakunde egilea: Universidad de Costa Rica. Centro Centroaméricana de Población
Beste egile batzuk: ed
Formatua: Texto
Argitaratua: San José: Centro Centroamericano de Población. CCP
Gaiak:
Etiketak: Etiketa erantsi
Etiketarik gabe, Izan zaitez lehena erregistro honi etiketa jartzen!

MARC

LEADER 00000 a a2200000 04500
001 32227
003
040
020 |a 9977-15-132-6  
090 |a 201407  
100 |a Chinchilla Arley, Ricardo  
110 |a Universidad de Costa Rica. Centro Centroaméricana de Población  
245 |a Población y salud en Mesoamérica /  |c Ricardo Chinchilla Arley 
260 |a San José:   |b Centro Centroamericano de Población. CCP  
300 |a 538 p.  
500 |a Resumen también en inglés  
520 |a La crisis económica de inicios de los años ochentas impactó de muy diversas maneras a la Costa Rica del siglo XX. Las acciones gubernamentales desde 1982 tuvieron éxito en reducir la proporción de personas pobres desde un 35  
650 |a RECESION ECONOMICA  
650 |a ANCIANOS  
650 |a POBREZA  
650 |a RESULTADOS DE INVESTIGACION  
650 |a POBREZA  
650 |a DISTRIBUCION POR EDAD Y SEXO  
650 |a SEGURIDAD SOCIAL  
700 |a ed  
999 |c 2266  |d 2266